Normal view
MARC view
Entry Geographic Name
001 - CONTROL NUMBER
- control field: 49178
003 - CONTROL NUMBER IDENTIFIER
- control field: ARRUPE
005 - DATE AND TIME OF LATEST TRANSACTION
- control field: 20200130103200.0
008 - FIXED-LENGTH DATA ELEMENTS
- fixed length control field: 200130|| aca||aabn | a|a d
040 ## - CATALOGING SOURCE
- Original cataloging agency: ARRUPE
- Transcribing agency: ARRUPE
151 ## - HEADING--GEOGRAPHIC NAME
- Geographic name: London (England)
- General subdivision: Pictorial works.
670 ## - SOURCE DATA FOUND
- Source citation: Work cat.: (ARRUPE)0: Gloucester, Richard. 49177, The face of London., 1973.